[Event "It (open)"]
[Site "masterchessopen.com Lugano (Switzerland)"]
[Round "9"]
[White "Schemm H"]
[Black "Hallebeek Fred (NED)"]
[Result "0-1"]
[WhiteElo "2060"]
[BlackElo "2228"]

1.d4 Nf6 2.c4 g6 3.Nc3 d5 4.cxd5 Nxd5 5.e4 Nxc3 6.bxc3 Bg7 7.Bc4 c5 8.Ne2 O-O
9.O-O Nc6 10.Be3 Bg4 11.f3 Na5 12.Bd3 cxd4 13.cxd4 Be6 14.d5 Bxa1 15.Qxa1 f6
16.Bh6 Re8 17.Rd1 Bd7 18.e5 Ba4 19.Re1 Rc8 20.Nf4 Nc4 21.Kh1 Nxe5 22.Bf5 gxf5
23.Rxe5 fxe5 24.Qe1 Rc1 25.Qxc1 exf4 26.Qxf4 Qxd5 {#R} 0-1

[Event "It (open) \"]
[Site "masterchessopen.com Marianske Lazne (Czech Republic)"]
[Round "5"]
[White "Kiselev Sergey (RUS)"]
[Black "Brdicko Petr (CZE)"]
[Result "0-1"]
[WhiteElo "2445"]
[BlackElo "2255"]

1.d4 Nf6 2.c4 g6 3.Nc3 d5 4.cxd5 Nxd5 5.e4 Nxc3 6.bxc3 Bg7 7.Bc4 c5 8.Ne2 Nc6
9.Be3 O-O 10.O-O Bg4 11.f3 cxd4 12.cxd4 Na5 13.Bd3 Be6 14.Rc1 Bxa2 15.Qa4 Be6
16.d5 Bd7 17.Qa3 b6 18.Nd4 Nb7 19.Rfd1 Nc5 20.Bb1 Qb8 21.f4 e5 22.dxe6 Nxe6
23.Nf5 gxf5 24.Rxd7 Nxf4 25.Rcc7 Ne6 26.exf5 Qxc7 27.Rxc7 Nxc7 28.f6 Bxf6
29.Bh6 Rfd8 30.Qg3+ Kh8 31.Be4 Rd1+ 32.Kf2 Re8 33.Bf4 Bd4+ 34.Ke2 Nd5 {#R} 0-1

[Event "It (open)"]
[Site "masterchessopen.com New York (USA)"]
[Round "0"]
[White "Browne Walter S (USA)"]
[Black "Nickoloff Bryon (CAN)"]
[Result "1-0"]
[WhiteElo "2555"]
[BlackElo "2420"]

1.d4 Nf6 2.c4 g6 3.Nc3 d5 4.cxd5 Nxd5 5.e4 Nxc3 6.bxc3 Bg7 7.Bc4 c5 8.Ne2 Nc6
9.Be3 O-O 10.O-O Bg4 11.f3 Na5 12.Bd3 cxd4 13.cxd4 Be6 14.Qa4 a6 15.d5 b5
16.Qb4 Nc6 17.Qc5 Bxa1 18.Rxa1 Ne5 19.Bh6 Bd7 20.Qd4 f6 21.Bxf8 Kxf8 22.Rd1
Qc7 23.f4 Nxd3 24.Rxd3 Bg4 25.Rc3 Qb8 26.e5 fxe5 27.fxe5 Qa7 28.Rc5 Kg8 29.Nc3
Rd8 30.d6 Be6 31.a3 exd6 32.exd6 Qg7 33.Re5 Bf7 34.Ne4 h6 35.Nf6+ Kh8 {#r} 1-0

[Event "Ch Spain"]
[Site "masterchessopen.com Spain"]
[Round "6"]
[White "Rubio Nevado Pedro (ESP)"]
[Black "Torres Dominguez David (ESP)"]
[Result "0-1"]
[WhiteElo "2070"]
[BlackElo "2149"]

1.d4 Nf6 2.c4 g6 3.Nc3 d5 4.cxd5 Nxd5 5.e4 Nxc3 6.bxc3 Bg7 7.Bc4 c5 8.Ne2 O-O
9.O-O Nc6 10.Be3 Bg4 11.f3 Na5 12.Bd3 cxd4 13.cxd4 Be6 14.Qa4 a6 15.Rac1 b5
16.Qb4 Bxa2 17.d5 Bc4 18.Bxc4 Nxc4 19.Bc5 Re8 20.Rfd1 Rc8 21.f4 Bb2 22.Rxc4
bxc4 23.Qxc4 Ba3 {#R} 0-1

[Event "It (open)"]
[Site "masterchessopen.com Szekszard (Hungary)"]
[Round "3"]
[White "Malyshev Vasilij (RUS)"]
[Black "Horvath Miklosne (HUN)"]
[Result "1-0"]
[WhiteElo "2353"]
[BlackElo "2130"]

1.d4 Nf6 2.c4 g6 3.Nc3 d5 4.cxd5 Nxd5 5.e4 Nxc3 6.bxc3 Bg7 7.Bc4 c5 8.Ne2 Nc6
9.Be3 O-O 10.O-O Bg4 11.f3 Na5 12.Bd3 cxd4 13.cxd4 Be6 14.Rc1 Bxa2 15.Qa4 Be6
16.d5 Bd7 17.Qb4 e6 18.Nc3 exd5 19.exd5 Re8 20.Bf2 b5 21.Nxb5 Rb8 22.Bxa7 Rb7
23.Bc5 Re5 24.Rfd1 Rh5 25.Rb1 Bxb5 26.Bxb5 Rxd5 27.Qa4 h5 28.Rxd5 Qxd5 29.Bf2
Nc4 30.Rb4 Bf8 31.Bxc4 {#r} 1-0

[Event "It "]
[Site "masterchessopen.com Budapest (Hungary)"]
[Round "4"]
[White "Petran Pal (HUN)"]
[Black "Vadasz Laszlo (HUN)"]
[Result "1-0"]
[WhiteElo "2410"]
[BlackElo "2271"]

1.d4 Nf6 2.c4 g6 3.Nc3 d5 4.cxd5 Nxd5 5.e4 Nxc3 6.bxc3 Bg7 7.Bc4 c5 8.Ne2 O-O
9.O-O Nc6 10.Be3 Bg4 11.f3 Na5 12.Bd3 cxd4 13.cxd4 Be6 14.Rc1 Bxa2 15.Qa4 Be6
16.d5 Bd7 17.Qb4 b6 18.Rfd1 Rc8 19.Ba6 Rxc1 20.Rxc1 Re8 21.Nd4 Qb8 22.g3 e6
23.Nc6 Bxc6 24.dxc6 Qc7 25.Qd2 Rd8 26.Qxd8+ {#r} 1-0

[Event "It (open) \"]
[Site "masterchessopen.com Budapest (Hungary)"]
[Round "0"]
[White "Lukacs Peter (HUN)"]
[Black "Monda Laszlo (HUN)"]
[Result "1-0"]
[WhiteElo "2404"]
[BlackElo "2129"]

1.d4 Nf6 2.c4 g6 3.Nc3 d5 4.cxd5 Nxd5 5.e4 Nxc3 6.bxc3 Bg7 7.Bc4 c5 8.Ne2 Nc6
9.Be3 O-O 10.O-O cxd4 11.cxd4 Bg4 12.f3 Na5 13.Bd3 Be6 14.Rc1 Bxa2 15.Qa4 Bb3
16.Qa3 b6 17.d5 Qd6 18.Qxd6 exd6 19.Rc7 Rfc8 20.Rfc1 Rxc7 21.Rxc7 Bf6 22.Bf4
Bd8 23.Rc1 Be7 24.Ba6 Ba4 25.Nd4 Kf8 26.Rc7 Ke8 27.Bb5+ Bxb5 28.Nxb5 Kd8 29.e5
dxe5 30.d6 Bxd6 31.Bg5+ Ke8 32.Nxd6+ Kf8 33.Bh6+ Kg8 {#r} 1-0

[Event "Europe Tournament (corr.)"]
[Site "masterchessopen.com corr."]
[Round "0"]
[White "Frederick Robert (FRA)"]
[Black "Guerra Daniel Ruben (BOL)"]
[Result "1-0"]
[WhiteElo "2210"]
[BlackElo "2129"]

1.d4 Nf6 2.c4 g6 3.Nc3 d5 4.cxd5 Nxd5 5.e4 Nxc3 6.bxc3 Bg7 7.Bc4 O-O 8.Ne2 c5
9.O-O Nc6 10.Be3 Bg4 11.f3 Na5 12.Bd3 cxd4 13.cxd4 Be6 14.d5 Bxa1 15.Qxa1 f6
16.Rb1 Qd6 17.Qc3 b6 18.dxe6 Rac8 19.Qd4 Qxe6 20.Nf4 Qxa2 21.Nd5 e5 22.Qb4 Nc4
23.Bh6 {#r} 1-0

[Event "Ch Hessen (qual)"]
[Site "masterchessopen.com Hessen (Germany)"]
[Round "3"]
[White "Haus Volker (GER)"]
[Black "Haase Wolfgang (GER)"]
[Result "1-0"]
[WhiteElo "2201"]
[BlackElo "2085"]

1.d4 Nf6 2.c4 g6 3.Nc3 d5 4.cxd5 Nxd5 5.e4 Nxc3 6.bxc3 Bg7 7.Bc4 O-O 8.Ne2 c5
9.O-O Nc6 10.Be3 Na5 11.Bd3 Bg4 12.f3 cxd4 13.cxd4 Be6 14.d5 Bxa1 15.Qxa1 f6
16.Bh6 Re8 17.Nf4 Bf7 18.h4 Qd6 19.Qe1 Nc4 20.Nh3 Ne5 21.Bb1 e6 22.Qg3 Nc4
23.Bf4 Qf8 24.h5 Qg7 25.hxg6 hxg6 26.Rc1 Rac8 27.Nf2 e5 28.Ng4 exf4 29.Qxf4
Nb6 30.Rxc8 Rxc8 31.Nxf6+ Kf8 32.Qd6# 1-0

[Event "It (open)"]
[Site "masterchessopen.com Orange (France)"]
[Round "7"]
[White "Verdier Patrice (FRA)"]
[Black "Veysseyre Didier (FRA)"]
[Result "1-0"]
[WhiteElo "2260"]
[BlackElo "2119"]

1.d4 Nf6 2.c4 g6 3.Nc3 d5 4.cxd5 Nxd5 5.e4 Nxc3 6.bxc3 c5 7.Bc4 Bg7 8.Ne2 Nc6
9.Be3 O-O 10.O-O Bg4 11.f3 Na5 12.Bd3 cxd4 13.cxd4 Be6 14.d5 Bxa1 15.Qxa1 f6
16.Bd2 Bd7 17.Qe1 b6 18.Bh6 Rf7 19.Qg3 Qb8 20.f4 Qd6 21.h4 Kh8 22.Qf3 e6
23.dxe6 Bxe6 24.f5 gxf5 25.exf5 Bd5 26.Qh5 Re7 27.Nf4 Rg8 28.Ng6+ Rxg6 29.fxg6
Qg3 30.Qxd5 {#r} 1-0

[Event "It (open)"]
[Site "masterchessopen.com USA"]
[Round "0"]
[White "Delgado Cespedes Ivan (CUB)"]
[Black "Colias Billy (USA)"]
[Result "0-1"]
[WhiteElo "2270"]
[BlackElo "2290"]

1.d4 Nf6 2.c4 g6 3.Nc3 d5 4.cxd5 Nxd5 5.e4 Nxc3 6.bxc3 Bg7 7.Bc4 c5 8.Ne2 O-O
9.O-O Nc6 10.Be3 Bg4 11.f3 cxd4 12.cxd4 Na5 13.Bd3 Be6 14.Qa4 a6 15.d5 b5
16.Qb4 Bxa1 17.Rxa1 Bd7 18.Qd4 f6 19.Bh6 Re8 20.e5 fxe5 21.Qxe5 Qb6+ 22.Be3
Qf6 23.Qc7 Qxa1+ 24.Kf2 Qf6 25.Qxd7 Nc4 26.Bxc4 bxc4 27.Qa4 Rac8 28.g3 Qe5
29.Qxa6 Qxd5 30.Nc3 Qe5 31.Qa3 Red8 32.Bf4 Qc5+ {#R} 0-1

[Event "It (open) (b)"]
[Site "masterchessopen.com Val Maubuee (France)"]
[Round "0"]
[White "Birens Eric-Andre (FRA)"]
[Black "Laroche P"]
[Result "1-0"]
[WhiteElo "1969"]
[BlackElo "1710"]

1.d4 Nf6 2.c4 g6 3.Nc3 d5 4.cxd5 Nxd5 5.e4 Nxc3 6.bxc3 Bg7 7.Bc4 c5 8.Ne2 Nc6
9.Be3 O-O 10.O-O Na5 11.Bd3 cxd4 12.cxd4 Bg4 13.f3 Be6 14.d5 Bd7 15.Rc1 Re8
16.Qd2 e6 17.Bf4 Qc7 18.Kh1 e5 19.Be3 Qd8 20.Rc3 b6 21.Ba6 Bc8 22.Bd3 Bf8
23.Rb1 Bd6 24.Qb2 Nb7 25.Bb5 Bd7 26.Bc6 Bxc6 27.Rxc6 Nc5 28.Nc3 Nb7 29.Nb5 Bc5
30.Bxc5 Nxc5 31.Nc7 Qh4 32.Nxa8 Nd3 33.Qd2 {#r} 1-0

[Event "It"]
[Site "masterchessopen.com Budapest (Hungary)"]
[Round "0"]
[White "Lukacs Peter (HUN)"]
[Black "Spiriev Peter (HUN)"]
[Result "1-0"]
[WhiteElo "2500"]
[BlackElo "2245"]

1.d4 Nf6 2.c4 g6 3.Nc3 d5 4.cxd5 Nxd5 5.e4 Nxc3 6.bxc3 Bg7 7.Bc4 c5 8.Ne2 Nc6
9.Be3 O-O 10.O-O Bg4 11.f3 Na5 12.Bd3 cxd4 13.cxd4 Be6 14.Rc1 Bxa2 15.Qa4 Be6
16.d5 Bd7 17.Qb4 e6 18.Nc3 exd5 19.Nxd5 Be6 20.Rfd1 Bxd5 21.exd5 Re8 22.Bf4
Bf8 23.d6 Qf6 24.Bb5 Red8 25.Rc7 a6 26.Bf1 Nc6 27.Qd2 Rxd6 28.Bxd6 Rd8 29.Bc4
Bxd6 30.Rxf7 Bxh2+ 31.Kh1 {#r} 1-0

[Event "It \"]
[Site "masterchessopen.com Budapest (Hungary)"]
[Round "0"]
[White "Lukacs Peter (HUN)"]
[Black "Luecke Norbert (GER)"]
[Result "1-0"]
[WhiteElo "2500"]
[BlackElo "2353"]

1.d4 Nf6 2.c4 g6 3.Nc3 d5 4.cxd5 Nxd5 5.e4 Nxc3 6.bxc3 Bg7 7.Bc4 c5 8.Ne2 Nc6
9.Be3 O-O 10.O-O Bg4 11.f3 Na5 12.Bd3 cxd4 13.cxd4 Be6 14.Rc1 Bxa2 15.Qa4 Be6
16.d5 Bd7 17.Qb4 e6 18.Nc3 exd5 19.Nxd5 Be6 20.Rfd1 Bxd5 21.exd5 Re8 22.Bf4
Qf6 23.Bc7 Qd4+ 24.Qxd4 Bxd4+ 25.Kf1 Bb6 26.d6 Bxc7 27.Rxc7 Kf8 28.Be4 Rac8
29.Kg1 Rxc7 30.dxc7 Ke7 31.Bxb7 {#r} 1-0

[Event "It (open)"]
[Site "masterchessopen.com Corfu (Greece)"]
[Round "0"]
[White "Kalesis Nikolaos (GRE)"]
[Black "Khenkin Igor (GER)"]
[Result "0-1"]
[WhiteElo "2473"]
[BlackElo "2624"]

1.d4 Nf6 2.c4 g6 3.Nc3 d5 4.cxd5 Nxd5 5.e4 Nxc3 6.bxc3 Bg7 7.Bc4 c5 8.Ne2 O-O
9.O-O Nc6 10.Be3 Bg4 11.f3 Na5 12.Bd3 cxd4 13.cxd4 Be6 14.Rc1 Bxa2 15.Qa4 Be6
16.d5 Bd7 17.Qb4 e6 18.Rfd1 exd5 19.exd5 Re8 20.Bf2 b5 21.Nd4 Nc4 22.Nc6 Bxc6
23.dxc6 Nb2 24.c7 Qxd3 25.Rxd3 Nxd3 26.Qb1 Nxc1 27.Qxc1 b4 28.Qc4 a5 29.Qb5 a4
30.Ba7 a3 31.Bb8 Rf8 32.Qxb4 a2 {#R} 0-1

[Event "Ch Europe (juniors)"]
[Site "masterchessopen.com Denmark"]
[Round "0"]
[White "Aagaard Jacob (SCO)"]
[Black "Kulaots Kaido (EST)"]
[Result "1-0"]
[WhiteElo "2522"]
[BlackElo "2592"]

1.d4 Nf6 2.c4 g6 3.Nc3 d5 4.cxd5 Nxd5 5.e4 Nxc3 6.bxc3 Bg7 7.Be3 O-O 8.Bc4 c5
9.Ne2 Nc6 10.O-O Bg4 11.f3 Na5 12.Bd3 cxd4 13.cxd4 Be6 14.Rc1 Bxa2 15.Qa4 Be6
16.d5 Bd7 17.Qb4 e6 18.Bf4 e5 19.Be3 b6 20.Nc3 Qh4 21.Bb5 Bc8 22.Rfd1 Bh6
23.Bxh6 Qxh6 24.Qe7 Nb3 25.Rc2 Qe3+ 26.Kh1 Nd4 27.Rcc1 Nxf3 28.Qf6 Bg4 29.d6
h5 30.Nd5 Qxe4 31.Bc6 Kh7 32.Ne7 Qb4 33.gxf3 Bh3 34.Be4 {#r} 1-0

[Event "Bundesliga 1990/91"]
[Site "masterchessopen.com Germany"]
[Round "0"]
[White "Sygulski Artur (POL)"]
[Black "Luecke Norbert (GER)"]
[Result "1-0"]
[WhiteElo "2378"]
[BlackElo "2353"]

1.d4 Nf6 2.c4 g6 3.Nc3 d5 4.cxd5 Nxd5 5.e4 Nxc3 6.bxc3 Bg7 7.Bc4 c5 8.Ne2 Nc6
9.Be3 O-O 10.O-O Bg4 11.f3 Na5 12.Bd3 cxd4 13.cxd4 Be6 14.d5 Bxa1 15.Qxa1 f6
16.Bh6 Re8 17.Qd4 Bd7 18.Rb1 b5 19.e5 e6 20.Kh1 Qb6 21.Qg4 f5 22.Qg3 exd5
23.Nf4 Kf7 24.e6+ Bxe6 25.Rxb5 Qd4 26.h4 Nc6 27.h5 Qf6 28.Bg5 Qa1+ 29.Rb1 Qg7
30.Rb7+ Ne7 31.Qe1 {#r} 1-0

[Event "Ch Helsinki"]
[Site "masterchessopen.com Helsinki (Finland)"]
[Round "0"]
[White "Norri Joose (FIN)"]
[Black "Ebeling Mika (FIN)"]
[Result "0-1"]
[WhiteElo "2291"]
[BlackElo "2268"]

1.d4 Nf6 2.c4 g6 3.Nc3 d5 4.cxd5 Nxd5 5.e4 Nxc3 6.bxc3 Bg7 7.Bc4 c5 8.Ne2 O-O
9.O-O Nc6 10.Be3 Bg4 11.f3 Na5 12.Bd3 cxd4 13.cxd4 Be6 14.Rc1 Bxa2 15.d5 Bb3
16.Qe1 Ba4 17.Qb4 Bd7 18.Rfd1 b5 19.Nd4 Nc4 20.Bxc4 a5 21.Qc5 bxc4 22.Nc6 Bxc6
23.dxc6 Qc7 24.f4 a4 25.e5 a3 26.Qxc4 a2 27.Rd7 Qc8 28.Bd4 Re8 29.Ba1 e6
30.Rcd1 Bf8 31.Rb7 Ra5 32.Bd4 Rd8 33.Rc1 Qa8 34.Ba1 Rc5 35.Qf1 Rxc6 {#R} 0-1

[Event "It (open)"]
[Site "masterchessopen.com Puebla Cazalla (Argentina)"]
[Round "0"]
[White "Medina Carrasco Santiago (ESP)"]
[Black "Fernandez Murga Roberto (ARG)"]
[Result "0-1"]
[WhiteElo "2176"]
[BlackElo "2230"]

1.d4 Nf6 2.c4 g6 3.Nc3 d5 4.cxd5 Nxd5 5.e4 Nxc3 6.bxc3 Bg7 7.Bc4 c5 8.Be3 Nc6
9.Ne2 cxd4 10.cxd4 O-O 11.O-O Na5 12.Bd3 Bg4 13.f3 Be6 14.Qa4 b6 15.Rac1 Rc8
16.Ba6 Bd7 17.Qa3 Rxc1 18.Rxc1 b5 19.Bg5 f6 20.Bh4 Qb6 21.Qxe7 Rf7 22.Qa3 Bf8
23.Rc5 Nc4 {#R} 0-1

[Event "It (open)"]
[Site "masterchessopen.com Torcy (France)"]
[Round "0"]
[White "Camaly P"]
[Black "Leroy Adrien (FRA)"]
[Result "1-0"]
[WhiteElo "2040"]
[BlackElo "2239"]

1.d4 Nf6 2.c4 g6 3.Nc3 d5 4.cxd5 Nxd5 5.e4 Nxc3 6.bxc3 Bg7 7.Bc4 O-O 8.Ne2 c5
9.O-O Nc6 10.Be3 Bg4 11.f3 Na5 12.Bd3 cxd4 13.cxd4 Be6 14.Rc1 Bxa2 15.Qa4 Be6
16.d5 Bd7 17.Qb4 b6 18.Ba6 Bc8 19.Bxc8 Rxc8 20.Rxc8 Qxc8 21.Qxe7 Qc2 22.Ng3
Nc4 23.Bf2 a5 24.f4 a4 25.d6 a3 26.d7 Qd3 27.e5 a2 28.Re1 Qd5 29.Ra1 Nxe5
30.fxe5 Bxe5 31.Rxa2 Qxa2 32.Qxe5 Qb1+ 33.Nf1 Qb4 34.Bd4 f6 35.Qe6+ Kg7
36.d8=Q Rxd8 37.Qxf6+ {#r} 1-0

[Event "It (open)"]
[Site "masterchessopen.com Torcy (France)"]
[Round "0"]
[White "Elbilia Jacques (MAR)"]
[Black "Filipowicz Leszek (POL)"]
[Result "1-0"]
[WhiteElo "2382"]
[BlackElo "2175"]

1.d4 Nf6 2.c4 g6 3.Nc3 d5 4.cxd5 Nxd5 5.e4 Nxc3 6.bxc3 Bg7 7.Bc4 c5 8.Ne2 O-O
9.O-O Nc6 10.Be3 Bg4 11.f3 cxd4 12.cxd4 Na5 13.Bd3 Be6 14.Rc1 Bxa2 15.Qa4 Be6
16.d5 Bd7 17.Qb4 e6 18.Nc3 b6 19.Rfd1 Re8 20.Bb5 Qe7 21.d6 Qd8 22.Qa4 Bxb5
23.Nxb5 Rf8 24.Rc7 a6 25.Na7 Qb8 26.Nc6 Nxc6 27.Qxc6 b5 28.Rb7 Qd8 29.d7 Qh4
30.g3 Qh5 31.Kg2 Bf6 32.Bc5 Rfd8 33.Rc7 Kg7 34.Rc8 Rb8 35.Ba7 Rbxc8 36.dxc8=Q
{#r} 1-0

[Event "It"]
[Site "masterchessopen.com Waldshut (Germany)"]
[Round "2"]
[White "Stelzer Harald (GER)"]
[Black "Metz Hartmut (GER)"]
[Result "0-1"]
[WhiteElo "2272"]
[BlackElo "2296"]

1.d4 Nf6 2.c4 g6 3.Nc3 d5 4.cxd5 Nxd5 5.e4 Nxc3 6.bxc3 Bg7 7.Bc4 c5 8.Ne2 Nc6
9.Be3 O-O 10.O-O cxd4 11.cxd4 Bg4 12.f3 Na5 13.Bd3 Be6 14.d5 Bxa1 15.Qxa1 f6
16.Bd2 Bd7 17.Qe1 b6 18.Nd4 Qc7 19.Bb4 Rfe8 20.f4 Nc4 21.Nc6 Bxc6 22.Bxc4 Ba4
23.Qe2 b5 24.Bd3 a5 25.Ba3 e6 26.d6 Qb6+ 27.Kh1 b4 28.Bb2 Qxd6 29.Bxf6 Rac8
30.h4 Qf8 31.Bb2 Qc5 32.Be5 Red8 33.Bf6 Rxd3 34.Qxd3 Bb5 35.Qh3 Kf7 36.Rd1
Kxf6 37.e5+ Kf7 38.h5 Qc2 39.hxg6+ Qxg6 {#R} 0-1

[Event "It (open)"]
[Site "masterchessopen.com Bern (Switzerland)"]
[Round "2"]
[White "Bellon Lopez Juan Manuel (ESP)"]
[Black "Haas Carmi (SUI)"]
[Result "1-0"]
[WhiteElo "2435"]
[BlackElo "2212"]

1.d4 Nf6 2.c4 g6 3.Nc3 d5 4.cxd5 Nxd5 5.e4 Nxc3 6.bxc3 c5 7.Bc4 Bg7 8.Ne2 Nc6
9.Be3 O-O 10.O-O Bg4 11.f3 Na5 12.Bd3 cxd4 13.cxd4 Be6 14.Rc1 Bxa2 15.Qa4 Be6
16.d5 b6 17.Bb5 Bc8 18.Rfd1 Bb7 19.Nd4 a6 20.Be2 Rc8 21.Nc6 Qe8 22.Nxe7+ Qxe7
23.Bxb6 Rxc1 24.Rxc1 Bxd5 25.Qxa5 Bh6 26.Rd1 Bb7 27.Bc5 Qe5 28.Qb6 Qc3 29.Kf1
{#r} 1-0

[Event "Ch URS (corr.)"]
[Site "masterchessopen.com corr."]
[Round "0"]
[White "Simonenko Sergei (TKM)"]
[Black "Malisauskas Vidmantas (LTU)"]
[Result "0-1"]
[WhiteElo "2389"]
[BlackElo "2530"]

1.d4 Nf6 2.c4 g6 3.Nc3 d5 4.cxd5 Nxd5 5.e4 Nxc3 6.bxc3 Bg7 7.Bc4 c5 8.Ne2 O-O
9.O-O Nc6 10.Be3 Bg4 11.f3 Na5 12.Bd3 cxd4 13.cxd4 Be6 14.Rc1 Bxa2 15.Qa4 Be6
16.d5 Bd7 17.Qb4 e6 18.Nc3 b6 19.Rfd1 Qf6 20.f4 exd5 21.Nxd5 Qb2 22.Qe7 Bc6
23.Rb1 Qa2 24.Nb4 Qa4 25.Bc2 Qb5 26.Bd3 Qh5 27.e5 Rfe8 28.Qc7 Rec8 29.Qe7 Bf8
30.Qf6 Qg4 31.Rd2 Bb7 32.Bb5 Rd8 33.Nd3 Rac8 {#R} 0-1

[Event "Tournament (team)"]
[Site "masterchessopen.com Guarapuava (Brazil)"]
[Round "0"]
[White "Russo Guilherme Matheus (BRA)"]
[Black "Popovich Sviatoslav (UKR)"]
[Result "0-1"]
[WhiteElo "2050"]
[BlackElo "2233"]

1.d4 Nf6 2.c4 g6 3.Nc3 d5 4.cxd5 Nxd5 5.e4 Nxc3 6.bxc3 Bg7 7.Bc4 c5 8.Ne2 Nc6
9.Be3 O-O 10.O-O cxd4 11.cxd4 Bg4 12.f3 Na5 13.Bd3 Be6 14.d5 Bxa1 15.Qxa1 f6
16.Nd4 Bd7 17.Bh6 Rf7 18.Rb1 Qc7 19.Rc1 Qd6 20.Qc3 b6 21.g3 e5 22.dxe6 Bxe6
23.Bf4 Qd7 24.Nxe6 Qxe6 25.e5 fxe5 26.Bxe5 Rxf3 27.Bc4 Qxc4 28.Qxc4+ Nxc4
29.Rxc4 Rf7 30.g4 Re8 31.Bg3 Rfe7 32.a4 Re4 {#R} 0-1

[Event "Ch Hessen"]
[Site "masterchessopen.com Hessen (Germany)"]
[Round "0"]
[White "Gustavsson Cyrill (SWE)"]
[Black "Schnegelsberg Karl-H (GER)"]
[Result "1-0"]
[WhiteElo "2206"]
[BlackElo "2032"]

1.d4 Nf6 2.c4 g6 3.Nc3 d5 4.cxd5 Nxd5 5.e4 Nxc3 6.bxc3 Bg7 7.Bc4 c5 8.Ne2 O-O
9.O-O Nc6 10.Be3 Bg4 11.f3 Na5 12.Bd3 cxd4 13.cxd4 Be6 14.Rc1 Bxa2 15.Qa4 Be6
16.d5 Bd7 17.Qb4 e6 18.Nc3 exd5 19.Nxd5 Be6 20.Rfd1 Bxd5 21.exd5 Re8 22.Bf2
Bh6 23.Ra1 b6 24.Ba6 Qf6 25.Qa4 Rad8 26.Ra3 Bf8 27.Ra2 Bd6 28.Bh4 Qe5 29.Bxd8
Qxh2+ 30.Kf1 Rxd8 31.Qg4 Qh1+ 32.Ke2 Re8+ 33.Kd2 Qh6+ 34.Kc2 {#r} 1-0

[Event "It (open)"]
[Site "masterchessopen.com Hradec Kralove (Czech Republic)"]
[Round "0"]
[White "Danner Georg (AUT)"]
[Black "Schnabel Ralf (GER)"]
[Result "1-0"]
[WhiteElo "2340"]
[BlackElo "2241"]

1.d4 Nf6 2.c4 g6 3.Nc3 d5 4.cxd5 Nxd5 5.e4 Nxc3 6.bxc3 Bg7 7.Bc4 c5 8.Ne2 Nc6
9.Be3 O-O 10.O-O Bg4 11.f3 Na5 12.Bd3 cxd4 13.cxd4 Be6 14.Rc1 Bxa2 15.Qa4 Be6
16.d5 Bd7 17.Qb4 b6 18.f4 e6 19.d6 e5 20.f5 Bc6 21.Ba6 Qh4 22.Nc3 Rfd8 23.Rcd1
Bf8 24.fxg6 hxg6 25.g3 Qg4 26.Nd5 Rxd6 27.Qxd6 {#r} 1-0

[Event "Memorial Erkel"]
[Site "masterchessopen.com Hungary"]
[Round "0"]
[White "Emodi Barnabas (HUN)"]
[Black "Berebora Ferenc (HUN)"]
[Result "0-1"]
[WhiteElo "2359"]
[BlackElo "2407"]

1.d4 Nf6 2.c4 g6 3.Nc3 d5 4.cxd5 Nxd5 5.e4 Nxc3 6.bxc3 Bg7 7.Bc4 c5 8.Ne2 Nc6
9.Be3 O-O 10.O-O Bg4 11.f3 Na5 12.Bd3 cxd4 13.cxd4 Be6 14.d5 Bxa1 15.Qxa1 f6
16.Bh6 Bd7 17.Bxf8 Qb6+ 18.Qd4 Qxd4+ 19.Nxd4 Kxf8 20.Rc1 Rc8 21.Rxc8+ Bxc8
22.Kf2 e5 23.dxe6 Ke7 24.Ke3 Bxe6 25.Nxe6 Kxe6 26.Kd4 g5 27.Bc4+ Nxc4 28.Kxc4
Kd6 29.a4 Kc6 30.Kb4 b6 31.Kc4 a6 32.g3 Kd6 33.Kb4 Ke5 34.h3 Kd4 35.h4 gxh4
36.gxh4 h5 37.Kb3 b5 38.axb5 axb5 39.Kb4 Ke3 40.Kc5 Kxf3 {#R} 0-1

[Event "Ch Yugoslavia"]
[Site "masterchessopen.com Kladovo (Yugoslavia)"]
[Round "8"]
[White "Stamenkovic Zoran (SRB)"]
[Black "Filipovic Branko (CRO)"]
[Result "1-0"]
[WhiteElo "2418"]
[BlackElo "2403"]

1.d4 Nf6 2.c4 g6 3.Nc3 d5 4.cxd5 Nxd5 5.e4 Nxc3 6.bxc3 Bg7 7.Bc4 c5 8.Ne2 Nc6
9.Be3 O-O 10.O-O Bg4 11.f3 Na5 12.Bd3 cxd4 13.cxd4 Be6 14.Rc1 Bxa2 15.d5 e6
16.Qa4 Bb3 17.Qb4 exd5 18.Rc5 Bc4 19.Bxc4 dxc4 20.Rxa5 Qd3 21.Kf2 b6 22.Rd5
Qb3 23.Qxb3 cxb3 24.Rb1 a5 25.Rxb3 a4 26.Ra3 Rfb8 27.Rb5 Bf8 28.Ra2 {#r} 1-0

[Event "It (open)"]
[Site "masterchessopen.com Toronto (Canada)"]
[Round "1"]
[White "Southam David (CAN)"]
[Black "Hamilton Robert (CAN)"]
[Result "1-0"]
[WhiteElo "2086"]
[BlackElo "2301"]

1.d4 Nf6 2.c4 g6 3.Nc3 d5 4.cxd5 Nxd5 5.e4 Nxc3 6.bxc3 Bg7 7.Bc4 O-O 8.Ne2 c5
9.O-O Nc6 10.Be3 Bg4 11.f3 Na5 12.Bd3 cxd4 13.cxd4 Be6 14.Rc1 Bxa2 15.Qa4 Be6
16.d5 Bd7 17.Qb4 e6 18.Nc3 exd5 19.exd5 Re8 20.Bf2 b6 21.Bh4 g5 22.Bf2 Nb7
23.Qb1 h6 24.Ne4 Be5 25.Bg3 f5 26.Bxe5 Rxe5 27.Ng3 Nd6 28.Qa1 Qe7 29.Rc7 Rxd5
30.Nh5 Ne8 31.Re1 Qf7 32.Rxe8+ Rxe8 33.Nf6+ Kf8 34.Nxd5 Qxd5 35.Qf6+ Qf7
36.Qxf7+ {#r} 1-0

[Event "Tournament \"]
[Site "masterchessopen.com Winnipeg (Canada)"]
[Round "0"]
[White "Gentes Kevin (CAN)"]
[Black "Burstow John (CAN)"]
[Result "1-0"]
[WhiteElo "2266"]
[BlackElo "2280"]

1.d4 Nf6 2.c4 g6 3.Nc3 d5 4.cxd5 Nxd5 5.e4 Nxc3 6.bxc3 Bg7 7.Bc4 c5 8.Ne2 Nc6
9.Be3 O-O 10.O-O Bg4 11.f3 Na5 12.Bd3 cxd4 13.cxd4 Be6 14.d5 Bxa1 15.Qxa1 f6
16.Rb1 b6 17.Bh6 Re8 18.Nf4 Bf7 19.Bb5 Qd6 20.Bxe8 Rxe8 21.Rc1 Qb8 22.Qc3 Nb7
23.Nd3 Nd6 24.Bf4 e5 25.dxe6 Rxe6 26.Nb4 Qb7 27.Nd5 Ne8 28.Bh6 {#r} 1-0

[Event "It (open)"]
[Site "masterchessopen.com Bruchkoebel (Germany)"]
[Round "0"]
[White "Gustavsson Cyrill (SWE)"]
[Black "Huss Rolf (GER)"]
[Result "0-1"]
[WhiteElo "2206"]
[BlackElo "2163"]

1.d4 Nf6 2.c4 g6 3.Nc3 d5 4.cxd5 Nxd5 5.e4 Nxc3 6.bxc3 Bg7 7.Bc4 O-O 8.Ne2 c5
9.O-O Nc6 10.Be3 Bg4 11.f3 Na5 12.Bd3 cxd4 13.cxd4 Be6 14.Rc1 Bxa2 15.Qa4 Be6
16.d5 Bc8 17.Rfd1 b6 18.h4 Qd6 19.h5 Bd7 20.Qa2 Qb4 21.Rc7 Ba4 22.Rdc1 Be5
23.Rb1 Bb3 24.Rcc1 Rac8 25.Kf2 f5 26.Qd2 Qxd2 27.Bxd2 Bc4 28.Bxc4 Nxc4 29.Bh6
Rfe8 30.f4 Bd6 31.exf5 gxf5 32.Ng3 Bc5+ 33.Ke2 e6 34.Kd3 Nd6 35.dxe6 Rxe6
36.Bg5 Re3+ {#R} 0-1

[Event "It (open)"]
[Site "masterchessopen.com Bruchkoebel (Germany)"]
[Round "0"]
[White "Majer Damir (GER)"]
[Black "Meier Wolfgang (GER)"]
[Result "1-0"]
[WhiteElo "2256"]
[BlackElo "2194"]

1.d4 Nf6 2.c4 g6 3.Nc3 d5 4.cxd5 Nxd5 5.e4 Nxc3 6.bxc3 Bg7 7.Bc4 O-O 8.Ne2 c5
9.O-O Nc6 10.Be3 Bg4 11.f3 Na5 12.Bd3 cxd4 13.cxd4 Be6 14.Rc1 b6 15.d5 Bc8
16.Qa4 Bd7 17.Qb4 Nb7 18.Nd4 Nc5 19.Bb5 Bxb5 20.Qxb5 Rc8 21.Nc6 Qd6 22.Rxc5
bxc5 23.Bxc5 Qf4 24.Nxe7+ Kh8 25.Nxc8 Rxc8 26.Bxa7 Be5 27.g3 Qd2 28.Rf2 Qd1+
29.Kg2 Kg7 30.Be3 Rb8 31.Qe2 {#r} 1-0